000 00670cam a2200217 a 4500
001 2016760
005 20180216070311.0
008 911129s1993 caua 001 0 eng
010 _a 91045819
020 _a0534175260
040 _aDLC
_cDLC
_dDLC
041 _aeng
080 _a540 jos
082 0 0 _a540 jos
_220
100 _a12
101 _akim
245 0 0 _aCollege chemistry :
_cMorris Hein ... [et al.].
906 _a7
_bcbc
_corignew
_d1
_eocip
_f19
_gy-gencatlg
942 _2ddc
_cBK
999 _c42791
_d42791